[Event "ch-city A"]
[Site "Warszawa"]
[Date "2012.05.26"]
[Round "1.1"]
[White "Malec, Sebastian"]
[Black "Leniart, Arkadiusz"]
[Result "0-1"]
[WhiteElo "2088"]
[BlackElo "2458"]
[PlyCount "84"]
[EventDate "2012.05.26"]
[EventType "swiss"]
[EventRounds "9"]
[EventCountry "POL"]

1. e4 c5 2. Nf3 Nc6 3. d4 cxd4 4. Nxd4 Nf6 5. Nc3 e6 6. Nxc6 bxc6 7. e5 Nd5 8.
Ne4 Qc7 9. f4 Qb6 10. c4 Bb4+ 11. Ke2 f5 12. exf6 Nxf6 13. Be3 Qa5 14. Nxf6+
gxf6 15. a3 Be7 16. Kf2 c5 17. Qh5+ Kd8 18. b4 Qc7 19. Bd3 Bb7 20. b5 d5 21.
Rhe1 Qd7 22. Rad1 Kc7 23. f5 d4 24. Bd2 Rag8 25. g3 e5 26. a4 Kb8 27. a5 Bd8
28. Rb1 Rg7 29. Re2 Rhg8 30. a6 Ba8 31. Rg1 Rg4 32. h3 R4g5 33. Bxg5 Rxg5 34.
Qh6 Rxf5+ 35. Ke1 Rf3 36. Qxh7 Qxh7 37. Bxh7 Ba5+ 38. Kd1 Ra3 39. Kc2 Ra2+ 40.
Kd3 e4+ 41. Bxe4 Bxe4+ 42. Kxe4 Rxe2+ 0-1

[Event "ch-city A"]
[Site "Warszawa"]
[Date "2012.05.26"]
[Round "1.3"]
[White "Guerrero Rodriguez, Alejandra"]
[Black "Strzemiecki, Zbigniew"]
[Result "0-1"]
[WhiteElo "2057"]
[BlackElo "2416"]
[PlyCount "88"]
[EventDate "2012.05.26"]
[EventType "swiss"]
[EventRounds "9"]
[EventCountry "POL"]

1. d4 Nf6 2. c4 g6 3. Nc3 d5 4. Qb3 dxc4 5. Qxc4 Bg7 6. e4 c6 7. Nf3 O-O 8. Qb3
b5 9. h3 a5 10. Bd3 Ba6 11. O-O Nbd7 12. e5 a4 13. Qd1 Nd5 14. Nxd5 cxd5 15.
Qe2 Qb6 16. Bd2 Rfc8 17. Ng5 Qxd4 18. Bc3 Rxc3 19. bxc3 Qxe5 20. Nf3 Qxe2 21.
Bxe2 Bxc3 22. Rac1 b4 23. Bxa6 Rxa6 24. Rfd1 e6 25. a3 Ra7 26. axb4 Bxb4 27.
Nd4 Bc5 28. Ra1 Nb6 29. Nb5 Ra5 30. Rdb1 Kg7 31. Kf1 g5 32. Ke2 Nc4 33. Ra2 a3
34. Rb3 Kg6 35. f3 h5 36. Nc3 Bd4 37. Nb1 Bb2 38. Nd2 Nxd2 39. Kxd2 Rc5 40. Kd3
h4 41. Rb4 Rc1 42. Rb3 Kf5 43. Ke3 Rg1 44. Kf2 Bd4+ 0-1

[Event "ch-city A"]
[Site "Warszawa"]
[Date "2012.05.26"]
[Round "1.4"]
[White "Nurkiewicz, Maciej"]
[Black "Gluszko, Monika"]
[Result "1-0"]
[WhiteElo "2407"]
[BlackElo "2057"]
[PlyCount "45"]
[EventDate "2012.05.26"]
[EventType "swiss"]
[EventRounds "9"]
[EventCountry "POL"]

1. e4 c5 2. Nf3 Nc6 3. d4 cxd4 4. Nxd4 Nf6 5. Nc3 e6 6. Ndb5 Bb4 7. a3 Bxc3+ 8.
Nxc3 d5 9. exd5 exd5 10. Bd3 O-O 11. O-O d4 12. Ne2 Bg4 13. Bg5 Re8 14. f3 Bd7
15. Qd2 Qe7 16. Ng3 h6 17. Rae1 Qd6 18. Bxh6 gxh6 19. Qxh6 Re5 20. Bh7+ Kh8 21.
Bf5+ Kg8 22. Nh5 Ne8 23. Bh7+ 1-0

[Event "ch-city A"]
[Site "Warszawa"]
[Date "2012.05.26"]
[Round "1.5"]
[White "Jarmula, Lukasz"]
[Black "Sznapik, Aleksander"]
[Result "1/2-1/2"]
[WhiteElo "2050"]
[BlackElo "2397"]
[PlyCount "103"]
[EventDate "2012.05.26"]
[EventType "swiss"]
[EventRounds "9"]
[EventCountry "POL"]

1. e4 g6 2. d4 Bg7 3. Nc3 d6 4. f4 a6 5. Nf3 b5 6. Bd3 Bb7 7. e5 Nd7 8. Be3 c5
9. Be4 Bxe4 10. Nxe4 Nh6 11. Neg5 cxd4 12. Bxd4 dxe5 13. fxe5 e6 14. O-O O-O
15. Qe2 Nf5 16. c3 Nxd4 17. cxd4 Nb6 18. Rac1 Bh6 19. h4 Rc8 20. Rxc8 Qxc8 21.
Ne4 Nd5 22. Nfg5 Qd8 23. Qf3 Qe7 24. Qg3 Bg7 25. Nh3 Qb4 26. Qf2 Bxe5 27. dxe5
Qxe4 28. Re1 Qf5 29. Qd4 Rc8 30. Rf1 Qc2 31. Ng5 Qc5 32. Qxc5 Rxc5 33. Rxf7
Rc1+ 34. Rf1 Rxf1+ 35. Kxf1 Ne3+ 36. Kf2 Ng4+ 37. Ke2 Nxe5 38. Nxe6 Nc4 39. Nc7
Nxb2 40. Nxa6 Nc4 41. Nc7 Nd6 42. g4 h5 43. gxh5 gxh5 44. Kf3 Kf7 45. Kf4 Kf6
46. a3 Kg6 47. Ke5 Nc4+ 48. Kd4 Nxa3 49. Kc3 Kf5 50. Ne8 Kg4 51. Nf6+ Kxh4 52.
Kb4 1/2-1/2

[Event "ch-city A"]
[Site "Warszawa"]
[Date "2012.05.26"]
[Round "1.6"]
[White "Szczepkowska Horowska, Karina"]
[Black "Kaliszewski, Tomasz"]
[Result "1-0"]
[WhiteElo "2387"]
[BlackElo "2020"]
[PlyCount "167"]
[EventDate "2012.05.26"]
[EventType "swiss"]
[EventRounds "9"]
[EventCountry "POL"]

1. e4 e5 2. Nf3 Nf6 3. Nc3 Nc6 4. a3 d5 5. Bb5 d4 6. Ne2 Bd7 7. d3 Bd6 8. Ng3
a6 9. Bc4 h6 10. O-O Be6 11. Bxe6 fxe6 12. c3 O-O 13. Re1 Bc5 14. b4 Be7 15.
cxd4 exd4 16. Bb2 e5 17. Rc1 Bd6 18. Nh4 Kh7 19. Ngf5 g6 20. Ng3 Qe7 21. Rc2
Rae8 22. Bc1 Ng8 23. Qg4 Qf7 24. Nf3 Nd8 25. h4 Nf6 26. Qh3 Ne6 27. h5 Nxh5 28.
Nxh5 gxh5 29. Nh4 Ng7 30. Rf1 Re6 31. f4 exf4 32. Rcf2 Rf6 33. Nf3 Rg6 34. Nxd4
Qf6 35. Nf3 Rg3 36. Qh2 Qg6 37. Nh4 Qg4 38. Nf3 Ne6 39. Qh4 Rg8 40. Qxg4 hxg4
41. Ne1 Be5 42. Bb2 Nd4 43. Rxf4 Bxf4 44. Bxd4 Be3+ 45. Kh2 Rxg2+ 46. Kxg2 Bxd4
47. Nc2 Be5 48. d4 Bd6 49. e5 Be7 50. Ne3 c6 51. Nf5 Bf8 52. e6 Rg5 53. e7 Bxe7
54. Nxe7 a5 55. Rf7+ Kh8 56. Nf5 axb4 57. axb4 h5 58. Kg3 Kg8 59. Nh6+ Kh8 60.
Rf5 Rg6 61. Rxh5 Kg7 62. Nf5+ Kf6 63. Nd6 b6 64. Nc4 Rg8 65. Rh6+ Kf5 66. Nd6+
Kg5 67. Nf7+ Kf5 68. Rxc6 Ke4 69. Rd6 Rc8 70. Ng5+ Kd3 71. Ne6 b5 72. Nc5+ Kc4
73. Na6 Re8 74. Kxg4 Re1 75. Kf5 Re2 76. d5 Kd4 77. Kf6 Re1 78. Kf7 Re2 79. Re6
Rf2+ 80. Rf6 Ra2 81. Nc7 Ra7 82. d6 Ke5 83. Re6+ Kf5 84. Re7 1-0

[Event "ch-city A"]
[Site "Warszawa"]
[Date "2012.05.26"]
[Round "1.7"]
[White "Kubeczko, Grzegorz"]
[Black "Rudolf, Michal"]
[Result "0-1"]
[WhiteElo "2015"]
[BlackElo "2383"]
[PlyCount "100"]
[EventDate "2012.05.26"]
[EventType "swiss"]
[EventRounds "9"]
[EventCountry "POL"]

1. c4 Nf6 2. g3 g6 3. Bg2 Bg7 4. Nc3 d6 5. e4 O-O 6. Nge2 e5 7. O-O Nc6 8. d3
Nd4 9. Nxd4 exd4 10. Ne2 Nd7 11. b4 c6 12. Bb2 Qb6 13. Qd2 Re8 14. f4 a5 15. a3
Nb8 16. f5 axb4 17. f6 Bh8 18. Bxd4 c5 19. Bb2 bxa3 20. Bc3 Nd7 21. Nf4 Nxf6
22. Nxg6 hxg6 23. Bxf6 Bxf6 24. Rxf6 Re6 25. Rff1 Re5 26. Qf4 Qc7 27. Rf2 Be6
28. Rfa2 b5 29. Rxa3 Rxa3 30. Rxa3 bxc4 31. Qf6 cxd3 32. Ra8+ Bc8 33. Bh3 Re8
34. Rxc8 Rxc8 35. Bxc8 Qxc8 36. Qxd6 c4 37. e5 c3 38. e6 Qxe6 39. Qd8+ Kg7 40.
Qd4+ Kf8 41. Qh8+ Ke7 42. Qh4+ f6 43. Qb4+ Qd6 44. Qe4+ Kf7 45. Qc4+ Kg7 46.
Qa4 d2 47. Qa7+ Kh6 48. Qe3+ g5 49. Qe8 d1=Q+ 50. Kg2 Q6d2+ 0-1

[Event "ch-city A"]
[Site "Warszawa"]
[Date "2012.05.26"]
[Round "1.8"]
[White "Deszczynski, Adam"]
[Black "Eggink, Mateusz"]
[Result "1-0"]
[WhiteElo "2356"]
[BlackElo "2012"]
[PlyCount "127"]
[EventDate "2012.05.26"]
[EventType "swiss"]
[EventRounds "9"]
[EventCountry "POL"]

1. e4 c5 2. Nf3 d6 3. Bb5+ Bd7 4. Bxd7+ Qxd7 5. c4 g6 6. d4 cxd4 7. Nxd4 Bg7 8.
Nc3 Nc6 9. Be3 Nf6 10. f3 O-O 11. O-O Rac8 12. b3 Nh5 13. Qd2 Nf4 14. Rac1 Ne6
15. Nde2 Kh8 16. Rfd1 Qe8 17. Nd5 f5 18. exf5 gxf5 19. Re1 b6 20. Nec3 Qg6 21.
Kh1 Rce8 22. Nb5 Be5 23. f4 Bg7 24. b4 Rb8 25. Bg1 Rb7 26. Nbc3 Re8 27. Re3 Qf7
28. Rce1 Ncd8 29. R3e2 Nf8 30. Nb5 Nde6 31. Qd3 Rd7 32. Qa3 Rc8 33. Qa4 Rxc4
34. Nxa7 Nc5 35. Qc6 Rxa7 36. bxc5 bxc5 37. Rxe7 Rxe7 38. Rxe7 Qg6 39. a4 Rc1
40. a5 Bd4 41. Ne3 Qf6 42. Qe8 Kg8 43. h3 Ra1 44. a6 Bxe3 45. Rxe3 Rxa6 46.
Rg3+ Kh8 47. Be3 Ra7 48. Bd2 d5 49. Qc8 Ra1+ 50. Kh2 Rd1 51. Ba5 Rc1 52. Bc7
Re1 53. Be5 Rxe5 54. fxe5 Qe7 55. Qxf5 Ng6 56. e6 d4 57. Ra3 Kg7 58. Rf3 Kh6
59. Qe4 Qd6+ 60. g3 c4 61. Rf7 c3 62. e7 c2 63. Qxc2 Qe6 64. Qe2 1-0

[Event "ch-city A"]
[Site "Warszawa"]
[Date "2012.05.26"]
[Round "1.9"]
[White "Sielicki, Tomasz"]
[Black "Janczarski, Michal"]
[Result "0-1"]
[WhiteElo "2011"]
[BlackElo "2345"]
[PlyCount "128"]
[EventDate "2012.05.26"]
[EventType "swiss"]
[EventRounds "9"]
[EventCountry "POL"]

1. d4 Nf6 2. Bg5 c5 3. d5 Qb6 4. Bxf6 gxf6 5. Qc1 f5 6. c4 Qb4+ 7. Nd2 Bg7 8.
Rb1 Na6 9. e3 d6 10. Ne2 Bd7 11. Nf4 Rg8 12. g3 O-O-O 13. Bg2 e5 14. dxe6 fxe6
15. O-O Kb8 16. a3 Qb6 17. b4 cxb4 18. axb4 Bc8 19. Qa3 Nc7 20. c5 Qa6 21. Qc1
d5 22. Rd1 Nb5 23. Ne2 h5 24. Bf1 Qa3 25. Nb3 Qxc1 26. Rbxc1 h4 27. Ned4 Nxd4
28. Nxd4 hxg3 29. hxg3 e5 30. c6 Rd6 31. cxb7 Kxb7 32. Nb5 Rd7 33. Rc5 a6 34.
Nc3 d4 35. exd4 Rxd4 36. Rxd4 exd4 37. Nd5 Bf8 38. Rc7+ Kb8 39. Rc4 Rg4 40. Nf4
Bg7 41. Bd3 Bd7 42. Rc5 Bh6 43. Bxf5 Bxf5 44. Rxf5 Rg8 45. Rf6 Bg5 46. Rg6 Rxg6
47. Nxg6 Bd2 48. f4 Bxb4 49. f5 a5 50. Ne5 Kc7 51. Kf1 Kd6 52. Nd3 Bd2 53. Ke2
Bg5 54. Ne1 Kc5 55. Kd3 a4 56. Nc2 Bf6 57. g4 Kd5 58. g5 Bxg5 59. Nxd4 Bf6 60.
Nb5 Kc5 61. Nc3 a3 62. Na2 Kb5 63. Kc2 Kc4 64. Kb1 Bg5 0-1

[Event "ch-city A"]
[Site "Warszawa"]
[Date "2012.05.26"]
[Round "1.10"]
[White "Skawinski, Arkadiusz"]
[Black "Spicak, Krzysztof"]
[Result "1-0"]
[WhiteElo "2303"]
[BlackElo "2009"]
[PlyCount "87"]
[EventDate "2012.05.26"]
[EventType "swiss"]
[EventRounds "9"]
[EventCountry "POL"]

1. e4 Nf6 2. e5 Nd5 3. Nc3 Nxc3 4. bxc3 d5 5. f4 c5 6. Nf3 Bg4 7. h3 Bxf3 8.
Qxf3 e6 9. Rb1 Qd7 10. c4 Nc6 11. Bd3 Nd4 12. Qd1 O-O-O 13. O-O h5 14. c3 Nc6
15. Qa4 a6 16. cxd5 Nxe5 17. Bb5 axb5 18. Rxb5 Nc6 19. dxc6 Qxc6 20. d3 Rxd3
21. f5 e5 22. Bg5 Kb8 23. Rfb1 Rd7 24. Rxb7+ Rxb7 25. Qxc6 Rxb1+ 26. Kh2 f6 27.
Be3 Be7 28. Qe6 Rb7 29. a4 Rd8 30. a5 Bd6 31. Kg3 e4+ 32. Kh4 Rb5 33. Qxe4 Rxa5
34. Qc6 Bc7 35. Bxc5 Rc8 36. Kxh5 Ra1 37. Kg6 Be5 38. Qb5+ Ka8 39. c4 Rc7 40.
Bb6 Re7 41. Qd5+ Rb7 42. c5 Rc1 43. Qb3 Rc3 44. Qa4+ 1-0

[Event "ch-city A"]
[Site "Warszawa"]
[Date "2012.05.26"]
[Round "1.11"]
[White "Sujkowski, Pawel"]
[Black "Adamski, Andrzej"]
[Result "0-1"]
[WhiteElo "1964"]
[BlackElo "2268"]
[PlyCount "80"]
[EventDate "2012.05.26"]
[EventType "swiss"]
[EventRounds "9"]
[EventCountry "POL"]

1. e4 e5 2. Nf3 Nc6 3. Bb5 d6 4. d4 exd4 5. Nxd4 Bd7 6. c4 g6 7. Nc3 Bg7 8.
Bxc6 bxc6 9. O-O Nf6 10. h3 O-O 11. Qd3 Qb8 12. Rb1 Qb7 13. b4 Rae8 14. Be3 Re7
15. f3 Nh5 16. b5 c5 17. Nd5 Ree8 18. Nb3 f5 19. Na5 Qc8 20. Nc6 Rf7 21. Nxa7
Qb7 22. Nc6 Bxc6 23. bxc6 Qxc6 24. exf5 gxf5 25. Bf2 f4 26. Rfe1 Be5 27. Rb3
Qa8 28. Ra3 Qc8 29. Ra7 Rg7 30. Kh2 Kh8 31. Qf1 c6 32. Rxg7 Nxg7 33. Nb6 Qc7
34. Rb1 Nf5 35. Qd3 Qf7 36. Re1 Rg8 37. Qe4 Ne3 38. Bxe3 fxe3+ 39. Kg1 Bd4 40.
Qd3 Qxf3 0-1

[Event "ch-city A"]
[Site "Warszawa"]
[Date "2012.05.26"]
[Round "1.12"]
[White "Cajbel, Maciej"]
[Black "Piotrowski, Arkadiusz"]
[Result "1-0"]
[WhiteElo "2222"]
[BlackElo "1959"]
[PlyCount "67"]
[EventDate "2012.05.26"]
[EventType "swiss"]
[EventRounds "9"]
[EventCountry "POL"]

1. e4 c6 2. Nc3 d5 3. Nf3 Bg4 4. h3 Bh5 5. exd5 cxd5 6. Bb5+ Nc6 7. g4 Bg6 8.
Ne5 Rc8 9. d4 e6 10. Qe2 Qe7 11. Bxc6+ bxc6 12. Qa6 Qc7 13. Bf4 Bd6 14. Nxg6
Bxf4 15. Nxf4 Rb8 16. Nd3 Ne7 17. O-O-O O-O 18. Qa3 a5 19. Na4 Nc8 20. Ndc5 Rb4
21. Qg3 Qa7 22. a3 Rb5 23. Rd3 Rd8 24. f4 Nd6 25. f5 Ne4 26. Qh4 Rd6 27. fxe6
fxe6 28. Rf1 h6 29. Rdf3 e5 30. Rf8+ Kh7 31. R1f7 Qxf7 32. Rxf7 exd4 33. Nxe4
dxe4 34. Qe7 1-0

[Event "ch-city A"]
[Site "Warszawa"]
[Date "2012.05.26"]
[Round "1.13"]
[White "Winiarski, Mikolaj"]
[Black "Alvarado, Carlos"]
[Result "0-1"]
[WhiteElo "1955"]
[BlackElo "2215"]
[PlyCount "88"]
[EventDate "2012.05.26"]
[EventType "swiss"]
[EventRounds "9"]
[EventCountry "POL"]

1. d4 d5 2. c4 e6 3. Nc3 Nf6 4. Bg5 Be7 5. e3 h6 6. Bxf6 Bxf6 7. cxd5 exd5 8.
Bd3 O-O 9. Nge2 Re8 10. O-O c6 11. Rc1 Be7 12. a3 a5 13. Na4 Nd7 14. Bb1 Bd6
15. Ng3 Qh4 16. Re1 Nf6 17. Nf1 Ng4 18. g3 Qd8 19. f3 Nf6 20. e4 dxe4 21. fxe4
Bb8 22. Qd3 Ba7 23. Nc5 g6 24. Nd2 Nd7 25. b4 axb4 26. axb4 Qe7 27. Kg2 Rd8 28.
Nf3 Nf8 29. Qe3 Kg7 30. Qc3 Kg8 31. Qe3 Kh7 32. Ne5 Bb8 33. Ncd3 Ra3 34. Qf2
Be6 35. b5 f6 36. Nf3 cxb5 37. d5 Bg4 38. Nd4 Ba7 39. Qb2 Rxd3 40. Bxd3 Qe5 41.
Bxb5 Bxd4 42. Qc2 Qh5 43. Qc7+ Rd7 44. Qf4 g5 0-1

[Event "ch-city A"]
[Site "Warszawa"]
[Date "2012.05.26"]
[Round "1.14"]
[White "Jarmula, Pawel"]
[Black "Suchocki, Tomasz"]
[Result "1-0"]
[WhiteElo "2157"]
[BlackElo "1949"]
[PlyCount "63"]
[EventDate "2012.05.26"]
[EventType "swiss"]
[EventRounds "9"]
[EventCountry "POL"]

1. e4 c6 2. d4 d5 3. e5 c5 4. dxc5 e6 5. Be3 Nc6 6. Nf3 Nh6 7. c3 Qc7 8. Bd4
Ng4 9. Bb5 Bd7 10. Bxc6 Qxc6 11. b4 a5 12. O-O axb4 13. cxb4 b6 14. cxb6 Bxb4
15. Qb3 Qa4 16. Qxa4 Bxa4 17. a3 Ba5 18. Nc3 Bc6 19. Rfb1 Kd7 20. Nb5 Rhf8 21.
Nc7 Rad8 22. Na6 Kc8 23. b7+ Bxb7 24. Rc1+ Kd7 25. Nc5+ Kc8 26. Nxe6+ Kb8 27.
Nxf8 Rxf8 28. Bc5 Re8 29. h3 Nh6 30. Bd6+ Ka7 31. Nd4 Bb6 32. Nb5+ 1-0

[Event "ch-city A"]
[Site "Warszawa"]
[Date "2012.05.26"]
[Round "1.15"]
[White "Pastuszko, Kinga"]
[Black "Olejarczyk, Bogdan"]
[Result "1/2-1/2"]
[WhiteElo "1945"]
[BlackElo "2132"]
[PlyCount "145"]
[EventDate "2012.05.26"]
[EventType "swiss"]
[EventRounds "9"]
[EventCountry "POL"]

1. e4 d5 2. exd5 Qxd5 3. Nc3 Qd6 4. d4 Nf6 5. h3 c6 6. Nf3 Bf5 7. Be3 h6 8. a3
e6 9. Bc4 Nbd7 10. Qd2 Nb6 11. Ba2 Nbd5 12. Nxd5 Nxd5 13. c4 Nxe3 14. fxe3 Qg3+
15. Qf2 Bd6 16. c5 Bc7 17. Qxg3 Bxg3+ 18. Ke2 Bg6 19. b4 a5 20. Bc4 axb4 21.
axb4 Ke7 22. Nd2 Rhd8 23. Kf3 Bc7 24. Nb3 e5 25. Rxa8 Rxa8 26. Ra1 Rxa1 27.
Nxa1 f5 28. Nb3 Bh5+ 29. Kf2 exd4 30. exd4 b6 31. d5 cxd5 32. Bxd5 bxc5 33.
bxc5 Be5 34. Ke3 f4+ 35. Ke4 Kf6 36. Na5 g5 37. Nc4 Bg6+ 38. Kf3 Bc7 39. Nb6
Ke5 40. Bb7 h5 41. Nd7+ Kd4 42. Nf6 Bd8 43. Ne4 Ke5 44. Nd2 Bc2 45. Ke2 Kd4 46.
c6 g4 47. hxg4 hxg4 48. Bc8 Bd3+ 49. Kf2 g3+ 50. Kf3 Ke5 51. Bh3 Bb5 52. Bd7
Bd3 53. Bh3 Bc7 54. Nb3 Be4+ 55. Ke2 Bxc6 56. Nd2 Bb5+ 57. Kf3 Bd3 58. Bc8 Ba5
59. Nb3 Be4+ 60. Kg4 Bb4 61. Kh3 Bc2 62. Nc1 Ke4 63. Ne2 Ke3 64. Nxg3 Bd1 65.
Nf5+ Kf2 66. Nh4 Bc2 67. Kg4 Bd2 68. Bb7 Bb3 69. Kf5 Kg3 70. Ng6 Bc2+ 71. Kf6
Bd3 72. Nxf4 Bxf4 73. Bf3 1/2-1/2

[Event "ch-city A"]
[Site "Warszawa"]
[Date "2012.05.26"]
[Round "1.16"]
[White "Pietocha, Pawel"]
[Black "Kowalska, Elzbieta"]
[Result "1-0"]
[WhiteElo "2124"]
[BlackElo "1944"]
[PlyCount "61"]
[EventDate "2012.05.26"]
[EventType "swiss"]
[EventRounds "9"]
[EventCountry "POL"]

1. b3 e5 2. Bb2 Nc6 3. e3 Nf6 4. Bb5 d6 5. Ne2 a6 6. Bxc6+ bxc6 7. O-O Be7 8.
f4 exf4 9. Nxf4 O-O 10. Nc3 d5 11. Qf3 Bg4 12. Qg3 Kh8 13. h3 Be6 14. d3 Qd6
15. Nce2 c5 16. Qf3 c6 17. Rae1 Nd7 18. Nh5 f6 19. d4 cxd4 20. exd4 Bf7 21. Bc1
g5 22. Neg3 Bg6 23. Nf5 Bxf5 24. Qxf5 Rae8 25. Re6 Qb4 26. Bb2 Qb7 27. Rfe1 Rf7
28. Ba3 c5 29. dxc5 Nxc5 30. Rxf6 Ref8 31. Bb2 1-0

[Event "ch-city A"]
[Site "Warszawa"]
[Date "2012.05.26"]
[Round "1.17"]
[White "Rozycki, Bartlomiej"]
[Black "Zaczek, Jonathon"]
[Result "1/2-1/2"]
[WhiteElo "1922"]
[BlackElo "2117"]
[PlyCount "56"]
[EventDate "2012.05.26"]
[EventType "swiss"]
[EventRounds "9"]
[EventCountry "POL"]

1. e4 c5 2. Nf3 d6 3. d4 cxd4 4. Nxd4 Nf6 5. Nc3 a6 6. f4 e6 7. Bd3 Be7 8. Be3
Nbd7 9. O-O O-O 10. a4 Nc5 11. Kh1 Qc7 12. a5 Bd7 13. Qf3 Rad8 14. Nb3 e5 15.
Nxc5 dxc5 16. fxe5 Qxe5 17. Bf4 Qe6 18. e5 Bc6 19. exf6 Bxf3 20. fxe7 Bxg2+ 21.
Kxg2 Qxe7 22. Rae1 Qh4 23. Ne4 Rfe8 24. h3 Qh5 25. Kh2 Qd5 26. b3 Qd4 27. Be3
Qe5+ 28. Bf4 Qd4 1/2-1/2

[Event "ch-city A"]
[Site "Warszawa"]
[Date "2012.05.26"]
[Round "1.18"]
[White "Gorecki, Andrzej"]
[Black "Szewczyk, Mariusz"]
[Result "0-1"]
[WhiteElo "2102"]
[BlackElo "1920"]
[PlyCount "132"]
[EventDate "2012.05.26"]
[EventType "swiss"]
[EventRounds "9"]
[EventCountry "POL"]

1. d4 Nf6 2. c4 e6 3. Nc3 b6 4. e4 Bb4 5. Bd3 Bb7 6. f3 d5 7. cxd5 exd5 8. e5
Nfd7 9. Nge2 c5 10. O-O O-O 11. a3 cxd4 12. Nb5 Bc5 13. b4 a6 14. bxc5 axb5 15.
cxb6 Qxb6 16. f4 f6 17. Bb2 fxe5 18. fxe5 Nc6 19. Qc2 h6 20. e6 Nc5 21. Nf4
Nxd3 22. Qxd3 Qc5 23. Ne2 Qc4 24. Rfd1 Rae8 25. Nxd4 Qxd3 26. Rxd3 Nxd4 27.
Bxd4 Rxe6 28. Rc1 Rc8 29. Rb1 Rc2 30. Rc3 Rxc3 31. Bxc3 Bc6 32. Kf2 Re4 33. Rd1
Kf7 34. Rd4 Re7 35. Bb4 Rc7 36. Rd2 Bb7 37. Ke3 Ke6 38. g3 Ke5 39. h4 Rc4 40.
Bf8 d4+ 41. Kf2 Rc7 42. Re2+ Kd5 43. Re7 Rc2+ 44. Ke1 Bc6 45. Bxg7 Rc3 46. Bxh6
Rxg3 47. Bc1 Rg1+ 48. Kd2 Rh1 49. Rh7 Kc4 50. Rc7 Kc5 51. Rh7 Be4 52. Rc7+ Kd6
53. Rg7 Rxh4 54. Rg5 Rh2+ 55. Ke1 Rh1+ 56. Kd2 Bd5 57. Bb2 Rh4 58. Rg3 Kc5 59.
Rg5 Kc4 60. Rg3 Rh2+ 61. Kc1 Be4 62. Rg4 Rc2+ 63. Kd1 Rxb2 64. Rxe4 Kd3 65. Kc1
Kxe4 66. Kxb2 Ke3 0-1

[Event "ch-city A"]
[Site "Warszawa"]
[Date "2012.05.27"]
[Round "2.1"]
[White "Leniart, Arkadiusz"]
[Black "Skawinski, Arkadiusz"]
[Result "1-0"]
[WhiteElo "2458"]
[BlackElo "2303"]
[PlyCount "71"]
[EventDate "2012.05.26"]
[EventType "swiss"]
[EventRounds "9"]
[EventCountry "POL"]

1. e4 e6 2. d4 d5 3. Nd2 Be7 4. Bd3 c5 5. dxc5 Nf6 6. Qe2 O-O 7. Ngf3 Nc6 8.
O-O a5 9. c4 Nb4 10. Bb1 d4 11. e5 d3 12. Qe1 Nd7 13. a3 Nc2 14. Bxc2 dxc2 15.
Ne4 Qc7 16. Qc3 Nxc5 17. Qxc2 Nxe4 18. Qxe4 b6 19. Ng5 Bxg5 20. Bxg5 Bb7 21.
Qd4 a4 22. Rfd1 Ba6 23. Rdc1 Rfc8 24. Rc3 Qc5 25. Qe4 f5 26. Qf4 Bxc4 27. Rd1
b5 28. h3 Ra7 29. Rd6 h6 30. Bxh6 gxh6 31. Rxe6 Rg7 32. Rxh6 Re8 33. e6 Kf8 34.
Rh8+ Ke7 35. Qh4+ Kd6 36. Rxe8 1-0

[Event "ch-city A"]
[Site "Warszawa"]
[Date "2012.05.27"]
[Round "2.2"]
[White "Adamski, Andrzej"]
[Black "Grabarczyk, Miroslaw"]
[Result "0-1"]
[WhiteElo "2268"]
[BlackElo "2445"]
[PlyCount "56"]
[EventDate "2012.05.26"]
[EventType "swiss"]
[EventRounds "9"]
[EventCountry "POL"]

1. d4 d5 2. c4 dxc4 3. e3 a6 4. Bxc4 Nf6 5. Nf3 b5 6. Bb3 Bb7 7. Ne5 e6 8. O-O
Nbd7 9. f4 Be7 10. Bd2 O-O 11. Ba5 Qc8 12. Nd2 c5 13. Rc1 Qb8 14. Ndf3 Qa7 15.
Kh1 Rac8 16. Bc2 cxd4 17. exd4 g6 18. Bb3 Rxc1 19. Qxc1 Rc8 20. Qe1 Nxe5 21.
fxe5 Nh5 22. Bd2 Bxf3 23. Rxf3 Qxd4 24. Bc3 Qd7 25. Rf1 Ng7 26. Qe4 h5 27. a4
Nf5 28. axb5 Qxb5 0-1

[Event "ch-city A"]
[Site "Warszawa"]
[Date "2012.05.27"]
[Round "2.3"]
[White "Strzemiecki, Zbigniew"]
[Black "Cajbel, Maciej"]
[Result "1-0"]
[WhiteElo "2416"]
[BlackElo "2222"]
[PlyCount "77"]
[EventDate "2012.05.26"]
[EventType "swiss"]
[EventRounds "9"]
[EventCountry "POL"]

1. e4 c5 2. Nf3 Nc6 3. Bb5 g6 4. Bxc6 dxc6 5. d3 Bg7 6. O-O Nf6 7. Nc3 O-O 8.
Be3 b6 9. h3 Qc7 10. Nh2 e5 11. f4 Bh6 12. Qd2 exf4 13. Bxf4 Bxf4 14. Rxf4 Nh5
15. Rf3 Qe5 16. Raf1 Be6 17. g4 Ng7 18. Kh1 Rad8 19. Rf4 Bc8 20. Nf3 Qe7 21. e5
f5 22. exf6 Rxf6 23. Rxf6 Qxf6 24. Ne4 Qe7 25. Qg5 Qxg5 26. Nfxg5 Ne8 27. Nf7
Rd7 28. Ne5 Rc7 29. Kg2 Kg7 30. b3 Be6 31. c4 h6 32. h4 Bc8 33. Kg3 Bb7 34. g5
h5 35. Rf6 Nxf6 36. gxf6+ Kg8 37. Nd6 Kf8 38. Kf4 Ba6 39. Kg5 1-0

[Event "ch-city A"]
[Site "Warszawa"]
[Date "2012.05.27"]
[Round "2.4"]
[White "Alvarado, Carlos"]
[Black "Nurkiewicz, Maciej"]
[Result "1/2-1/2"]
[WhiteElo "2215"]
[BlackElo "2407"]
[PlyCount "97"]
[EventDate "2012.05.26"]
[EventType "swiss"]
[EventRounds "9"]
[EventCountry "POL"]

1. d4 d5 2. Nf3 Nf6 3. c4 dxc4 4. e3 e6 5. Bxc4 a6 6. O-O c5 7. Bb3 Nc6 8. Nc3
cxd4 9. exd4 Be7 10. Bg5 O-O 11. Qd2 Na5 12. Bc2 b5 13. Qf4 g6 14. Qh4 Ra7 15.
Rad1 Nc4 16. d5 Nxd5 17. Rfe1 f6 18. Nxd5 exd5 19. Bh6 Re8 20. Qd4 Rc7 21. b3
Na3 22. Bd3 Nc2 23. Bxc2 Rxc2 24. Qa7 Qc7 25. Qxc7 Rxc7 26. Rxd5 Kf7 27. Bf4
Rc3 28. Rd2 Bg4 29. Rde2 Rcc8 30. h3 Bxf3 31. gxf3 Bb4 32. Rxe8 Rxe8 33. Re4
Bc5 34. Kf1 Rd8 35. Re2 g5 36. Bd2 Rd3 37. Kg2 Bd6 38. Be3 a5 39. Rc2 a4 40.
bxa4 bxa4 41. h4 Kg6 42. hxg5 fxg5 43. Rc6 Kh5 44. Ra6 a3 45. Ra5 h6 46. f4 Bb4
47. Ra4 gxf4 48. Bxf4 Bf8 49. Ra8 1/2-1/2

[Event "ch-city A"]
[Site "Warszawa"]
[Date "2012.05.27"]
[Round "2.5"]
[White "Szewczyk, Mariusz"]
[Black "Szczepkowska Horowska, Karina"]
[Result "0-1"]
[WhiteElo "1920"]
[BlackElo "2387"]
[PlyCount "86"]
[EventDate "2012.05.26"]
[EventType "swiss"]
[EventRounds "9"]
[EventCountry "POL"]

1. d4 Nf6 2. c4 d6 3. Nc3 Nbd7 4. e4 e5 5. Nf3 Be7 6. Be2 O-O 7. O-O c6 8. h3
a6 9. a4 a5 10. Be3 Re8 11. Re1 exd4 12. Bxd4 Bf8 13. Qc2 Ne5 14. Rad1 Qc7 15.
Nh4 Nfd7 16. Nf5 Nc5 17. f4 Ned7 18. Bd3 g6 19. Qf2 Ne6 20. Bb1 Nxd4 21. Nxd4
Qb6 22. Nf3 Qxf2+ 23. Kxf2 Nc5 24. Bc2 Be6 25. b3 Rad8 26. Nd4 Bc8 27. Kf3 Bg7
28. g4 h6 29. Re2 g5 30. f5 Be5 31. Na2 f6 32. Nc1 d5 33. exd5 cxd5 34. Nb5
dxc4 35. Rxd8 $11 Rxd8 36. bxc4 b6 37. Na2 Bb7+ 38. Ke3 Re8 39. Kd2 Bf3 40. Rf2
Bf4+ 41. Kc3 Re3+ 42. Kb2 Be5+ 43. Nac3 Bc6 0-1

[Event "ch-city A"]
[Site "Warszawa"]
[Date "2012.05.27"]
[Round "2.6"]
[White "Rudolf, Michal"]
[Black "Jarmula, Pawel"]
[Result "1/2-1/2"]
[WhiteElo "2383"]
[BlackElo "2157"]
[PlyCount "78"]
[EventDate "2012.05.26"]
[EventType "swiss"]
[EventRounds "9"]
[EventCountry "POL"]

1. d4 d5 2. c4 e6 3. Nc3 Be7 4. cxd5 exd5 5. Bf4 c6 6. Qc2 Nf6 7. e3 O-O 8. Bd3
Re8 9. Nge2 Nbd7 10. O-O Nf8 11. f3 Nh5 12. Bg3 Nxg3 13. Nxg3 c5 14. Rae1 a6
15. Qf2 Ne6 16. Bb1 g6 17. Nge2 f5 18. Rd1 cxd4 19. exd4 b5 20. a3 f4 21. Ba2
Bb7 22. Nc1 Bf6 23. Nb3 Qb6 24. Nc5 Bxd4 25. Rxd4 Qxc5 26. Rd2 Qxf2+ 27. Kxf2
Nc7 28. Ne4 Red8 29. Rc1 Rac8 30. Rdc2 Ne6 31. Rxc8 Rxc8 32. Rxc8+ Bxc8 33.
Bxd5 Kg7 34. Bxe6 Bxe6 35. b4 Bf5 36. Nc5 Bc8 37. Ne4 Bf5 38. Nc5 Bc8 39. Ne4
Bf5 1/2-1/2